| 000 | 00412pab a2200157 454500 | ||
|---|---|---|---|
| 008 | 180718b2004 xxu||||| |||| 00| 0 eng d | ||
| 100 | _aBanerjee, Madhulika | ||
| 245 | _aLocal knowledge for world market: globalising Ayurveda | ||
| 260 | _c2004 | ||
| 300 | _ap.89-93. | ||
| 362 | _a3 Jan | ||
| 650 | _aGlobalization | ||
| 650 | _aHealth services | ||
| 773 | _aEconomic and Political Weekly | ||
| 909 | _a59130 | ||
| 999 |
_c59130 _d59130 |
||